Maimonides, Commentary on Hippocrates' Aphorisms : a new parallel Arabic-English edition and translation, with critical editions of the medieval Hebrew translations /
Hippocrates' Aphorisms enjoyed great popularity in the ancient and medieval world and, according to Maimonides, it was Hippocrates' most useful work as it contained aphorisms, which every physician should know by heart. They were translated into Hebrew several times, but it was Maimonides&...
المؤلف الرئيسي:
مؤلفون آخرون: ,
التنسيق: كتاب الكتروني
اللغة:
English
Arabic
Hebrew
منشور في:
Leiden Boston :
BRILL,
2020.
سلاسل:
Maimonides, Moses, 1135-1204. Medical works of Moses Maimonides.
The Medical Works of Moses Maimonides;
volume14.
الموضوعات:
الوصول للمادة أونلاين: Login to view Source
الوسوم: إضافة وسم
رقم الطلب: R126.H6
| LEADER | 03921cam a22005298i 4500 | ||
|---|---|---|---|
| 001 | BRILL9789004412880 | ||
| 003 | nllekb | ||
| 005 | 20211118221511.0 | ||
| 006 | m d | ||
| 007 | cr un uuuua | ||
| 008 | 191105s2020 ne ob 001 0 eng | ||
| 020 | |a 9789004412880 |q (electronic book) | ||
| 020 | |z 9789004412873 |q (print) | ||
| 024 | 7 | |a 10.1163/9789004412880 |2 DOI | |
| 035 | |a (OCoLC)1108520054 (print ed.) | ||
| 040 | |a NL-LeKB |c NL-LeKB |e rda | ||
| 041 | 1 | |a eng |a ara |a heb |h ara | |
| 050 | 0 | 0 | |a R126.H6 |
| 072 | 7 | |a MB |2 bicssc | |
| 072 | 7 | |a MED |x 000000 |2 bisacsh | |
| 082 | 0 | 0 | |a 610 |2 23 |
| 100 | 1 | |a Maimonides, Moses, |d 1135-1204, |e author. | |
| 245 | 1 | 0 | |a Maimonides, Commentary on Hippocrates' Aphorisms : |b a new parallel Arabic-English edition and translation, with critical editions of the medieval Hebrew translations / |c by Gerrit Bos. |
| 246 | 3 | 0 | |a Commentary on Hippocrates' Aphorisms |
| 264 | 1 | |a Leiden Boston : |b BRILL, |c 2020. | |
| 300 | |a 1 online resource. | ||
| 336 | |a text |b txt |2 rdacontent | ||
| 337 | |a computer |b c |2 rdamedia | ||
| 338 | |a online resource |2 rdacarrier | ||
| 490 | 1 | |a The Medical Works of Moses Maimonides; |v volume14 | |
| 504 | |a Includes bibliographical references and index. | ||
| 505 | 0 | 0 | |t Preface -- Introduction -- Sigla and Abbreviations -- Part 1 Arabic Text and Translation -- / |r Commentary on Hippocrates' Aphorisms: Arabic Text with English Translation -- Part 2 Hebrew Translations -- / |r Commentary on Hippocrates' Aphorisms: First Hebrew Translation (Ibn Tibbon) -- / |r Commentary on Hippocrates' Aphorisms: Second Hebrew Translation (Zeraḥyah Ḥen) -- / |r Commentary on Hippocrates' Aphorisms: Third Hebrew Translation (Anonymous) -- Appendix 1 -- Appendix 2 -- Glossary -- Bibliography -- Index of the First Hebrew Translation (Ibn Tibbon) -- Index of the Second Hebrew Translation (Zeraḥyah Ḥen) -- Index of the Third Hebrew Translation (Anonymous) -- Index of Greek Terms. |
| 520 | |a Hippocrates' Aphorisms enjoyed great popularity in the ancient and medieval world and, according to Maimonides, it was Hippocrates' most useful work as it contained aphorisms, which every physician should know by heart. They were translated into Hebrew several times, but it was Maimonides' Commentary on Hippocrates' Aphorisms that made the work influential in Jewish circles. For the composition of his commentary, Maimonides consulted the Aphorisms through the commentary by Galen, translated by Ḥunayn ibn Isḥāq. This edition of Maimonides' Arabic commentary and its Hebrew translations, the first with an English translation based on the Arabic text, is part of a project undertaken by Gerrit Bos to critically edit Maimonides' medical works. | ||
| 546 | |a Introduction in English; text in Arabic and parallel English translation, Hebrew. | ||
| 600 | 0 | 0 | |a Hippocrates. |t Aphorisms. |
| 650 | 0 | |a Medicine |v Aphorisms |v Early works to 1800. | |
| 700 | 1 | 2 | |i Container of (expression): |a Maimonides, Moses, |d 1135-1204. |t Sharḥ fuṣūl Abuqrāṭ. |l Arabic. |
| 700 | 1 | 2 | |i Container of (expression): |a Maimonides, Moses, |d 1135-1204. |t Sharḥ fuṣūl Abuqrāṭ. |l English. |
| 700 | 1 | 2 | |i Container of (expression): |a Maimonides, Moses, |d 1135-1204. |t Sharḥ fuṣūl Abuqrāṭ. |l Hebrew. |
| 700 | 1 | |a Bos, Gerrit, |d 1948- |e translator, |e editor. | |
| 776 | 0 | 8 | |i Print version: |t Maimonides, Commentary on Hippocrates' Aphorisms: a new parallel Arabic-English edition and translation, with critical editions of the medieval Hebrew translations, |d Leiden Boston: BRILL, 2020 |w 9789004412873 |
| 800 | 1 | |a Maimonides, Moses, |d 1135-1204. |t Medical works of Moses Maimonides. | |
| 830 | 0 | |a The Medical Works of Moses Maimonides; |v volume14. | |
| 856 | 4 | |z DOI: |u http://dx.doi.org/10.1163/9789004412880 | |
| 942 | |2 lcc |c EBOOK | ||
| 952 | |0 0 |1 0 |2 lcc |4 0 |7 1 |9 22370 |a BRILL |b BRILL |d 2021-11-18 |l 0 |r 2021-11-18 00:00:00 |w 2021-11-18 |y EBOOK | ||
| 999 | |c 39844 |d 39844 | ||
